| 000 | 00448nam a22001457a 4500 | ||
|---|---|---|---|
| 008 | 230227b |||||||| |||| 00| 0 eng d | ||
| 020 | _a978-0-8048-5533-4 | ||
| 082 | _a152.42 | ||
| 100 | _aHector Garcia and Francesc Miralles | ||
| 245 |
_aThe Ikigai Journey: _bA practical guide to finding happiness and purpose the Japanese way |
||
| 260 |
_bTuttle, _c2022 |
||
| 300 |
_a223 p. _c20.5 cm |
||
| 942 | _2ddc | ||
| 999 |
_c9343 _d9344 |
||